[Event "Madrid-chT 1920"]
[Site "Madrid"]
[Date "2020.02.16"]
[Round "9.2"]
[White "Almagro Llamas, Pablo"]
[Black "Gago Padreny, Ignacio"]
[Result "1-0"]
[WhiteElo "2458"]
[BlackElo "2306"]
[PlyCount "115"]
[EventDate "2019.11.24"]
[EventType "team-tourn"]
[EventRounds "14"]
[EventCountry "ESP"]
[SourceVersionDate "2019.11.24"]
[WhiteTeam "Virgen de Atocha"]
[BlackTeam "Getafe"]
[WhiteTeamCountry "ESP"]
[BlackTeamCountry "ESP"]

1. d4 Nf6 2. Nf3 e6 3. c4 d5 4. Nc3 Bb4 5. Qa4+ Nc6 6. e3 O-O 7. a3 Bxc3+ 8.
bxc3 dxc4 9. Bxc4 a6 10. Qc2 Na5 11. Ba2 b6 12. e4 Bb7 13. e5 Ne4 14. O-O c5
15. Re1 cxd4 16. Rxe4 d3 17. Qa4 b5 18. Qb4 Bxe4 19. Qxe4 h6 20. Nd4 Nc4 21.
Bb1 f5 22. Qxd3 Qd5 23. f4 Rfd8 24. Ba2 Rac8 25. Rb1 Rc7 26. h3 Kh7 27. Qf3 Qc5
28. Kh2 Re8 29. Rb4 Rd7 30. Qh5 Ree7 31. Qf3 Re8 32. h4 g6 33. Bxc4 bxc4 34.
Be3 a5 35. Nxe6 Qe7 36. Rb6 Qxh4+ 37. Qh3 Qxh3+ 38. gxh3 a4 39. Bd4 Rc8 40. h4
h5 41. Kg3 Kh6 42. Kf3 Re7 43. Ke3 Rd7 44. Ng5 Re8 45. Rb4 Rc7 46. Nf3 Ra8 47.
Nd2 Ra6 48. Nxc4 g5 49. fxg5+ Kg6 50. Kf4 Rac6 51. Ne3 Rd7 52. Rb5 Re6 53. Nd5
Rc6 54. Kf3 f4 55. Nxf4+ Kh7 56. e6 Rdc7 57. g6+ Kh6 58. Rxh5# 1-0

[Event "Madrid-chT 1920"]
[Site "Madrid"]
[Date "2020.02.16"]
[Round "9.3"]
[White "Khudov, Oleksandr"]
[Black "Plazuelo Pascual, Juan"]
[Result "1/2-1/2"]
[WhiteElo "2187"]
[BlackElo "2444"]
[PlyCount "114"]
[EventDate "2019.11.24"]
[EventType "team-tourn"]
[EventRounds "14"]
[EventCountry "ESP"]
[SourceVersionDate "2019.11.24"]
[WhiteTeam "Getafe"]
[BlackTeam "Virgen de Atocha"]
[WhiteTeamCountry "ESP"]
[BlackTeamCountry "ESP"]

1. d4 Nf6 2. Bf4 d5 3. e3 c5 4. c3 Nc6 5. Nf3 Nh5 6. Bg5 h6 7. Bh4 g5 8. Bg3
Nxg3 9. hxg3 e6 10. g4 Bg7 11. Be2 Qe7 12. Qb3 Bd7 13. Nbd2 Rb8 14. a4 b6 15.
Qa3 f6 16. O-O Kf7 17. e4 dxe4 18. Nxe4 cxd4 19. Nd6+ Kg8 20. cxd4 Bf8 21. Nb5
Qxa3 22. bxa3 Rc8 23. Rad1 a6 24. Nc3 Nb8 25. Ne4 Be7 26. Rb1 Bd8 27. a5 b5 28.
a4 Kg7 29. axb5 axb5 30. Bxb5 Bxa5 31. Nc5 Bxb5 32. Rxb5 Nc6 33. Nxe6+ Kf7 34.
d5 Bc3 35. Rc1 Ne7 36. Rb7 f5 37. Nfd4 Bxd4 38. Rxc8 Bxf2+ 39. Kxf2 Rxc8 40.
Nd4 Kf6 41. d6 Ke5 42. Rxe7+ Kxd4 43. gxf5 Rd8 44. Re6 h5 45. g4 h4 46. Kf3 Kd5
47. Rg6 Rxd6 48. Rxg5 Ke5 49. Rh5 Rd3+ 50. Ke2 Ra3 51. Rxh4 Ra4 52. Kd3 Rd4+
53. Kc3 Rf4 54. Kd3 Rd4+ 55. Kc2 Rc4+ 56. Kb3 Rf4 57. Kc3 Kd5 1/2-1/2

[Event "Madrid-chT 1920"]
[Site "Madrid"]
[Date "2020.02.16"]
[Round "9.4"]
[White "Cabrera Trujillo, Jorge Juan"]
[Black "Florian, Walter"]
[Result "1-0"]
[WhiteElo "2283"]
[BlackElo "2213"]
[PlyCount "117"]
[EventDate "2019.11.24"]
[EventType "team-tourn"]
[EventRounds "14"]
[EventCountry "ESP"]
[SourceVersionDate "2019.11.24"]
[WhiteTeam "Virgen de Atocha"]
[BlackTeam "Getafe"]
[WhiteTeamCountry "ESP"]
[BlackTeamCountry "ESP"]

1. Nf3 g6 2. g3 c5 3. Bg2 Bg7 4. O-O Nc6 5. d3 Nf6 6. e4 O-O 7. c3 d6 8. Re1
Rb8 9. a4 a6 10. h3 b5 11. axb5 axb5 12. d4 b4 13. d5 bxc3 14. Nxc3 Na5 15. e5
Nd7 16. Bf4 dxe5 17. Nxe5 Nxe5 18. Bxe5 Bxe5 19. Rxe5 Nc4 20. Re4 Nd6 21. Rh4
Nf5 22. Rc4 Nd4 23. Na4 Ba6 24. Nxc5 Bxc4 25. Qxd4 Bb5 26. Ne4 Qb6 27. Qe5 Bd3
28. d6 Bxe4 29. dxe7 Rfe8 30. Bxe4 Qxb2 31. Qxb2 Rxb2 32. Ra7 Rb6 33. Bd5 Rb1+
34. Kg2 Re1 35. h4 R8xe7 36. Ra2 R1e2 37. Ra4 Rd2 38. Bf3 Rc7 39. Rf4 Kg7 40.
h5 f5 41. hxg6 hxg6 42. g4 Rcc2 43. gxf5 Rxf2+ 44. Kg3 g5 45. f6+ Kh6 46. Rf5
Rf1 47. f7 Rg1+ 48. Kh3 g4+ 49. Bxg4 Rh1+ 50. Kg3 Rg1+ 51. Kf4 Rf1+ 52. Bf3 Rc8
53. f8=Q+ Rxf8 54. Rxf8 Kg6 55. Ke5 Kg7 56. Rf4 Ra1 57. Rg4+ Kf8 58. Bd5 Re1+
59. Kd6 1-0

[Event "Madrid-chT 1920"]
[Site "Madrid"]
[Date "2020.02.16"]
[Round "9.5"]
[White "Guerrero Villanueva, David"]
[Black "Vazquez Torres, Adrian"]
[Result "1/2-1/2"]
[WhiteElo "1975"]
[BlackElo "2140"]
[PlyCount "139"]
[EventDate "2019.11.24"]
[EventType "team-tourn"]
[EventRounds "14"]
[EventCountry "ESP"]
[SourceVersionDate "2019.11.24"]
[WhiteTeam "Getafe"]
[BlackTeam "Virgen de Atocha"]
[WhiteTeamCountry "ESP"]
[BlackTeamCountry "ESP"]

1. d4 Nf6 2. c4 d6 3. Nc3 c6 4. e4 g6 5. Be2 Bg7 6. h4 h5 7. Bg5 Nbd7 8. Nf3
Qc7 9. Qd2 a6 10. Rc1 Ng4 11. Ng1 e5 12. dxe5 Ndxe5 13. f3 f6 14. Bf4 Nh6 15.
Nh3 Nhf7 16. Be3 O-O 17. b3 Qe7 18. Na4 b5 19. Nb6 Bxh3 20. Rxh3 Rad8 21. Qb4
f5 22. cxb5 axb5 23. a4 fxe4 24. f4 Nd3+ 25. Bxd3 exd3 26. Rxc6 bxa4 27. bxa4
Rfe8 28. Nd5 Qe6 29. Nc7 Qa2 30. Qd2 Qxa4 31. Nxe8 Rxe8 32. Rc7 Qxf4 33. Qf2
Qxf2+ 34. Kxf2 Ne5 35. Rxg7+ Kxg7 36. Bd4 Kh6 37. Bxe5 Rxe5 38. Rxd3 d5 39. Ra3
Re6 40. Rd3 Rf6+ 41. Ke3 Rf5 42. g3 g5 43. Ra3 g4 44. Ra6+ Kg7 45. Rd6 Rf3+ 46.
Ke2 Rxg3 47. Rxd5 Kg6 48. Rd6+ Kf5 49. Rd5+ Kf4 50. Rxh5 Rh3 51. Rh8 Rh2+ 52.
Kf1 Kg3 53. Kg1 Ra2 54. Rf8 Kxh4 55. Rc8 Kh3 56. Rc1 Rb2 57. Ra1 Rg2+ 58. Kh1
Rc2 59. Kg1 Rb2 60. Rc1 Rb3 61. Ra1 Kg3 62. Rc1 Kf3 63. Rf1+ Kg3 64. Rc1 Ra3
65. Rb1 Kh3 66. Rc1 Ra2 67. Rb1 g3 68. Rc1 Rg2+ 69. Kh1 Rf2 70. Kg1 1/2-1/2

[Event "Madrid-chT 1920"]
[Site "Madrid"]
[Date "2020.02.16"]
[Round "9.6"]
[White "Rodrigo Yanguas, Maria"]
[Black "Exposito Perez, Luis"]
[Result "1/2-1/2"]
[WhiteElo "2096"]
[BlackElo "1939"]
[PlyCount "95"]
[EventDate "2019.11.24"]
[EventType "team-tourn"]
[EventRounds "14"]
[EventCountry "ESP"]
[SourceVersionDate "2019.11.24"]
[WhiteTeam "Virgen de Atocha"]
[BlackTeam "Getafe"]
[WhiteTeamCountry "ESP"]
[BlackTeamCountry "ESP"]

1. e4 e6 2. d4 d5 3. Nd2 dxe4 4. Nxe4 Nf6 5. Bd3 Nbd7 6. Be3 Be7 7. Qe2 c6 8.
O-O-O Nxe4 9. Bxe4 Nf6 10. Bd3 Nd5 11. c3 Nxe3 12. fxe3 Bf6 13. Nf3 Qc7 14. g4
g6 15. Rhf1 Rf8 16. Nd2 Bg7 17. Ne4 Qe7 18. Nc5 b6 19. Be4 Bb7 20. Qg2 Rc8 21.
Nd3 Qd6 22. g5 Ba6 23. Rf4 Bxd3 24. Bxd3 Qd5 25. Be4 Qxa2 26. Bxc6+ Ke7 27.
Rdf1 Rc7 28. R1f2 Kd6 29. Be4 Qa1+ 30. Bb1 Qa4 31. Qf1 Qd7 32. Bc2 Qe7 33. h4
Rd7 34. Ba4 Rb7 35. Qb5 Kc7 36. Bc2 Kb8 37. Be4 Rc7 38. Qf1 e5 39. Rg4 exd4 40.
exd4 Bxd4 41. Re2 Be5 42. Bc2 Qd6 43. Rge4 Re7 44. Kb1 Rfe8 45. Ba4 Qd3+ 46.
Bc2 Qd6 47. Ba4 Qd3+ 48. Bc2 1/2-1/2

[Event "Madrid-chT 1920"]
[Site "Madrid"]
[Date "2020.02.16"]
[Round "9.1"]
[White "Elissalt Cardenas, Hector"]
[Black "Sanchez Saez, Francisco"]
[Result "1-0"]
[WhiteElo "2267"]
[BlackElo "2346"]
[PlyCount "51"]
[EventDate "2019.11.24"]
[EventType "team-tourn"]
[EventRounds "14"]
[EventCountry "ESP"]
[SourceVersionDate "2019.11.24"]
[WhiteTeam "Tajamar"]
[BlackTeam "Blanco y Negro"]
[WhiteTeamCountry "ESP"]
[BlackTeamCountry "ESP"]

1. c4 c5 2. Nc3 Nc6 3. Nf3 g6 4. e3 Bg7 5. d4 Nf6 6. d5 Nb4 7. a3 Na6 8. d6 O-O
9. e4 exd6 10. Bd3 Re8 11. O-O b6 12. Bf4 Bb7 13. Re1 Nh5 14. Bxd6 Bxc3 15.
bxc3 Qf6 16. Bc2 Re6 17. Qb1 Rae8 18. e5 Qd8 19. Qd1 Qa8 20. Ng5 Bxg2 21. f3
Nf4 22. Qd2 Nh3+ 23. Kxg2 Nxg5 24. Qxg5 Nb8 25. Be4 Nc6 26. Bd5 1-0

[Event "Madrid-chT 1920"]
[Site "Madrid"]
[Date "2020.02.16"]
[Round "9.2"]
[White "Ballester Llagaria, Luis Eduardo"]
[Black "Rodriguez Lopez, David"]
[Result "1-0"]
[WhiteElo "2326"]
[BlackElo "2160"]
[PlyCount "63"]
[EventDate "2019.11.24"]
[EventType "team-tourn"]
[EventRounds "14"]
[EventCountry "ESP"]
[SourceVersionDate "2019.11.24"]
[WhiteTeam "Blanco y Negro"]
[BlackTeam "Tajamar"]
[WhiteTeamCountry "ESP"]
[BlackTeamCountry "ESP"]

1. e4 e5 2. Nf3 Nc6 3. Bc4 Be7 4. d4 exd4 5. c3 d3 6. O-O Nf6 7. Bxd3 d6 8. h3
O-O 9. Bf4 Nd7 10. Bc2 Nde5 11. Nd4 Bf6 12. Nd2 Bd7 13. Be3 Nxd4 14. cxd4 Nc6
15. Nf3 Nb4 16. Bb1 d5 17. e5 Be7 18. a3 Na6 19. Qd3 g6 20. Bh6 Re8 21. b4 Bf5
22. Qe3 Bxb1 23. Raxb1 c6 24. Ng5 Nc7 25. f4 Ne6 26. Nxf7 Qb6 27. Rbd1 Nxd4 28.
Rxd4 c5 29. Rxd5 Kxf7 30. f5 cxb4 31. fxg6+ Ke6 32. Rd4 1-0

[Event "Madrid-chT 1920"]
[Site "Madrid"]
[Date "2020.02.16"]
[Round "9.3"]
[White "Mkrtchyan, Levon"]
[Black "Alarcia Astiz, Carlos"]
[Result "1/2-1/2"]
[WhiteElo "2198"]
[BlackElo "2302"]
[PlyCount "59"]
[EventDate "2019.11.24"]
[EventType "team-tourn"]
[EventRounds "14"]
[EventCountry "ESP"]
[SourceVersionDate "2019.11.24"]
[WhiteTeam "Tajamar"]
[BlackTeam "Blanco y Negro"]
[WhiteTeamCountry "ESP"]
[BlackTeamCountry "ESP"]

1. e4 c6 2. d4 d5 3. Nc3 dxe4 4. Nxe4 Bf5 5. Ng3 Bg6 6. Nf3 Nd7 7. h4 h6 8. h5
Bh7 9. Bd3 Bxd3 10. Qxd3 e6 11. Bf4 Qa5+ 12. Bd2 Qc7 13. O-O-O O-O-O 14. c4
Ngf6 15. Ne4 Nxe4 16. Qxe4 Nf6 17. Qe2 c5 18. Rh4 Bd6 19. g3 Rhe8 20. Bc3 a6
21. Ne5 cxd4 22. Rhxd4 Bc5 23. Rxd8+ Rxd8 24. Rxd8+ Kxd8 25. Ng4 Ne8 26. b3 Qc6
27. Qd1+ Ke7 28. Ne5 Qc7 29. Qf3 Kf8 30. Kc2 1/2-1/2

[Event "Madrid-chT 1920"]
[Site "Madrid"]
[Date "2020.02.16"]
[Round "9.4"]
[White "Hidalgo Duque, Carlos"]
[Black "Ingunza Curro, Andres"]
[Result "0-1"]
[WhiteElo "2259"]
[BlackElo "2101"]
[PlyCount "82"]
[EventDate "2019.11.24"]
[EventType "team-tourn"]
[EventRounds "14"]
[EventCountry "ESP"]
[SourceVersionDate "2019.11.24"]
[WhiteTeam "Blanco y Negro"]
[BlackTeam "Tajamar"]
[WhiteTeamCountry "ESP"]
[BlackTeamCountry "ESP"]

1. Nf3 Nf6 2. c4 e6 3. g3 d5 4. Bg2 Be7 5. O-O O-O 6. d4 dxc4 7. Qc2 b5 8. a4
b4 9. Nbd2 Nd5 10. Nxc4 Ba6 11. Rd1 Nd7 12. e4 N5b6 13. Na5 c5 14. Nc6 Qe8 15.
d5 exd5 16. exd5 Bd6 17. Nd2 Nf6 18. Ne4 Nxe4 19. Bxe4 Kh8 20. b3 f5 21. Bxf5
Qh5 22. Be4 Rxf2 23. Qxf2 Qxd1+ 24. Kg2 Rf8 25. Bf3 Qxb3 26. Na5 Qd3 27. Bb2
Nxd5 28. Re1 c4 29. Bd4 c3 30. Nb3 Bc4 31. Nc5 Qg6 32. Ne6 Nf4+ 33. Nxf4 Rxf4
34. Qe3 Rf8 35. Bxa7 Qc2+ 36. Kg1 Qxa4 37. Bd4 Qd7 38. Bd1 Qf5 39. Ba4 c2 40.
Qh6 Be5 41. Rxe5 Qf1# 0-1

[Event "Madrid-chT 1920"]
[Site "Madrid"]
[Date "2020.02.16"]
[Round "9.5"]
[White "Martinez Aragon, Aitor"]
[Black "Espinar Cabello, Sergio"]
[Result "1/2-1/2"]
[WhiteElo "2060"]
[BlackElo "1830"]
[PlyCount "80"]
[EventDate "2019.11.24"]
[EventType "team-tourn"]
[EventRounds "14"]
[EventCountry "ESP"]
[SourceVersionDate "2019.11.24"]
[WhiteTeam "Tajamar"]
[BlackTeam "Blanco y Negro"]
[WhiteTeamCountry "ESP"]
[BlackTeamCountry "ESP"]

1. e4 e5 2. Nf3 Nc6 3. d4 exd4 4. Nxd4 Bc5 5. Be3 Qf6 6. c3 d6 7. Bb5 Bd7 8.
O-O Nge7 9. a4 a6 10. Be2 O-O 11. Na3 Ng6 12. Nc4 Nf4 13. Bf3 Ne5 14. Nxe5 Qxe5
15. Qd2 Ng6 16. Rfe1 Rfe8 17. Be2 Nh4 18. f3 Ng6 19. Bc4 Be6 20. Bd3 Qh5 21.
Bf1 Ne5 22. a5 Nc4 23. Bxc4 Bxc4 24. Nf5 Bxe3+ 25. Nxe3 Qb5 26. Qd4 Be6 27. b4
Qe5 28. Rad1 Rad8 29. Rd2 f6 30. Rc1 Qb5 31. Nd5 Bxd5 32. Qxd5+ Qxd5 33. Rxd5
Re5 34. Rcd1 Rde8 35. c4 Kf7 36. Kf2 R8e7 37. Rb1 Ke6 38. Rbd1 Kf7 39. Rb1 Ke6
40. Rbd1 Kf7 1/2-1/2

[Event "Madrid-chT 1920"]
[Site "Madrid"]
[Date "2020.02.16"]
[Round "9.6"]
[White "Marquez Leon, Juan Antonio"]
[Black "Sahuquillo Cruz, Alejandro"]
[Result "1/2-1/2"]
[WhiteElo "1811"]
[BlackElo "1983"]
[PlyCount "119"]
[EventDate "2019.11.24"]
[EventType "team-tourn"]
[EventRounds "14"]
[EventCountry "ESP"]
[SourceVersionDate "2019.11.24"]
[WhiteTeam "Blanco y Negro"]
[BlackTeam "Tajamar"]
[WhiteTeamCountry "ESP"]
[BlackTeamCountry "ESP"]

1. d4 Nf6 2. Nf3 g6 3. Bf4 d6 4. c3 Bg7 5. e3 O-O 6. Nbd2 Nbd7 7. Be2 b6 8. e4
Bb7 9. Qc2 Qe8 10. O-O e5 11. dxe5 dxe5 12. Bg5 Nc5 13. Bxf6 Bxf6 14. Bc4 Rd8
15. b4 Ne6 16. Bxe6 Qxe6 17. Rfd1 Rd7 18. Nf1 Rfd8 19. Ne3 Rxd1+ 20. Rxd1 Rxd1+
21. Nxd1 Qc4 22. Nd2 Qe2 23. Ne3 Bg5 24. Nf3 Qxc2 25. Nxc2 Bxe4 26. Nxg5 Bxc2
27. Nf3 f6 28. Nd2 Bd3 29. f3 Kf7 30. Kf2 Ke6 31. Ke3 Bb5 32. f4 Bc6 33. g3 Kf5
34. fxe5 fxe5 35. h4 h6 36. a3 Bd5 37. Kf2 Be6 38. Ke3 Bd7 39. Kf3 Ke6 40. Ke4
Bc6+ 41. Kd3 Bg2 42. Ke3 Kd5 43. Kf2 Bh3 44. Ke3 Bf5 45. Kf3 h5 46. Ke3 a5 47.
Ke2 c5 48. bxa5 bxa5 49. Ke3 c4 50. Nf3 Bd3 51. Ne1 Be4 52. Ke2 Kc5 53. Kd2 Kd6
54. Ke3 Kd5 55. Ke2 Ke6 56. Kf2 Kf6 57. Ke2 g5 58. hxg5+ Kxg5 59. Kf2 Kg4 60.
Ke3 1/2-1/2

[Event "Madrid-chT 1920"]
[Site "Madrid"]
[Date "2020.02.22"]
[Round "10.1"]
[White "Martinez Reyes, Pedro Ramon"]
[Black "Moreno Trujillo, Alejandro"]
[Result "1-0"]
[WhiteElo "2407"]
[BlackElo "2505"]
[PlyCount "81"]
[EventDate "2019.11.24"]
[EventType "team-tourn"]
[EventRounds "14"]
[EventCountry "ESP"]
[SourceVersionDate "2019.11.24"]
[WhiteTeam "Blanco y Negro"]
[BlackTeam "Villalba 64"]
[WhiteTeamCountry "ESP"]
[BlackTeamCountry "ESP"]

1. e4 e6 2. d4 d5 3. Nd2 dxe4 4. Nxe4 Nd7 5. Nf3 Ngf6 6. Nxf6+ Nxf6 7. c3 Be7
8. Bd3 c5 9. dxc5 Bxc5 10. O-O O-O 11. Bg5 h6 12. Bh4 Qc7 13. Bg3 Qb6 14. Ne5
Nd5 15. Qe2 f5 16. Ng6 Rf6 17. Nf4 Bd7 18. Bc4 Nxf4 19. Bxf4 Re8 20. Rad1 Bc6
21. Kh1 Kh7 22. b4 Be7 23. b5 Bd5 24. Bxd5 exd5 25. Rxd5 Rd8 26. Qc4 Qe6 27.
Rfd1 Rff8 28. h3 Bf6 29. Qd3 Rxd5 30. Qxd5 Qc8 31. Qd7 Qxc3 32. Qxf5+ Kh8 33.
Qe4 Qb2 34. Qxb7 Qxf2 35. Bh2 Qxa2 36. Bg1 Qb3 37. Rf1 Qc4 38. Re1 Qa2 39. Qxa7
Qb3 40. b6 g6 41. Rf1 1-0

[Event "Madrid-chT 1920"]
[Site "Madrid"]
[Date "2020.02.22"]
[Round "10.2"]
[White "Gascon del Nogal, Jose Rafael"]
[Black "Taboas Rodriguez, Daniel"]
[Result "0-1"]
[WhiteElo "2441"]
[BlackElo "2351"]
[PlyCount "64"]
[EventDate "2019.11.24"]
[EventType "team-tourn"]
[EventRounds "14"]
[EventCountry "ESP"]
[SourceVersionDate "2019.11.24"]
[WhiteTeam "Villalba 64"]
[BlackTeam "Blanco y Negro"]
[WhiteTeamCountry "ESP"]
[BlackTeamCountry "ESP"]

1. d4 Nf6 2. Nc3 d5 3. Bf4 Bf5 4. f3 e6 5. g4 Bg6 6. h4 h5 7. g5 Ng8 8. e3 Bd6
9. Nh3 Ne7 10. Qd2 Nbc6 11. O-O-O Qd7 12. Bb5 a6 13. Ba4 b5 14. Bb3 Na5 15. Qh2
O-O 16. Rhe1 Nxb3+ 17. axb3 a5 18. Bxd6 cxd6 19. Nf4 a4 20. bxa4 b4 21. Nxg6
Nxg6 22. Ne2 Qxa4 23. Kd2 Rfc8 24. Rc1 Rc6 25. b3 Qa2 26. Ng3 Rac8 27. Kd1 Qxb3
28. Qd2 Qa4 29. Re2 b3 30. Ke1 b2 31. Rb1 Rxc2 32. Qd3 Qa1 0-1

[Event "Madrid-chT 1920"]
[Site "Madrid"]
[Date "2020.02.22"]
[Round "10.3"]
[White "Sanchez Saez, Francisco"]
[Black "Valles Moreno, Ivan"]
[Result "0-1"]
[WhiteElo "2346"]
[BlackElo "2415"]
[PlyCount "84"]
[EventDate "2019.11.24"]
[EventType "team-tourn"]
[EventRounds "14"]
[EventCountry "ESP"]
[SourceVersionDate "2019.11.24"]
[WhiteTeam "Blanco y Negro"]
[BlackTeam "Villalba 64"]
[WhiteTeamCountry "ESP"]
[BlackTeamCountry "ESP"]

1. e4 c5 2. Nf3 Nc6 3. d4 cxd4 4. Nxd4 g6 5. c4 Nf6 6. Nc3 d6 7. Be2 Nxd4 8.
Qxd4 Bg7 9. Be3 O-O 10. Qd1 a5 11. O-O Bd7 12. Rc1 Bc6 13. f3 Nd7 14. Qd2 Nc5
15. b3 Qb6 16. Kh1 Rfc8 17. Bd4 Bxd4 18. Qxd4 a4 19. Rb1 axb3 20. axb3 Qb4 21.
Qe3 Ra3 22. Nd5 Bxd5 23. exd5 Re8 24. Qh6 Rxb3 25. Rbe1 Rb2 26. f4 Qd2 27. Bf3
Rc2 28. Qh4 Nd3 29. Rb1 Rxc4 30. g3 Ne5 31. fxe5 Rxh4 32. gxh4 dxe5 33. Rxb7
Qd3 34. Bg2 e4 35. d6 Qxd6 36. Bxe4 Ra8 37. Rb2 Ra4 38. Bf3 Rxh4 39. Rd1 Rd4
40. Rbb1 Rd2 41. Rb8+ Kg7 42. Bg2 Rxd1+ 0-1

[Event "Madrid-chT 1920"]
[Site "Madrid"]
[Date "2020.02.22"]
[Round "10.4"]
[White "Ruperez Benito, Antonio"]
[Black "Ballester Llagaria, Luis Eduardo"]
[Result "0-1"]
[WhiteElo "2353"]
[BlackElo "2326"]
[PlyCount "106"]
[EventDate "2019.11.24"]
[EventType "team-tourn"]
[EventRounds "14"]
[EventCountry "ESP"]
[SourceVersionDate "2019.11.24"]
[WhiteTeam "Villalba 64"]
[BlackTeam "Blanco y Negro"]
[WhiteTeamCountry "ESP"]
[BlackTeamCountry "ESP"]

1. e4 c5 2. Nf3 b6 3. d4 cxd4 4. Nxd4 Bb7 5. Bd3 g6 6. b3 Bg7 7. Bb2 Nf6 8. Nd2
Na6 9. e5 Nh5 10. Nf5 Nc5 11. Be2 gxf5 12. Bxh5 Ne6 13. Bf3 Qc7 14. O-O Rc8 15.
Re1 Bh6 16. Nc4 Rg8 17. Ba3 Bxf3 18. Qxf3 Qc6 19. Qxc6 Rxc6 20. Bc1 Nd4 21. e6
Nf3+ 22. Kh1 Nxe1 23. exf7+ Kxf7 24. Ne5+ Kf8 25. Nxc6 Bg7 26. Nd4 Nxg2 27. c3
Bxd4 28. cxd4 Kf7 29. d5 Nh4 30. Be3 Nf3 31. a4 Rg4 32. a5 f4 33. Bxb6 axb6 34.
a6 Rg8 35. a7 Ra8 36. Ra4 Ne5 37. Rxf4+ Kg7 38. Re4 Kf6 39. Rf4+ Kg6 40. Ra4 b5
41. Ra6+ Kf5 42. Kg2 Ke4 43. Ra5 d6 44. h4 b4 45. Kg3 Nd3 46. Kg4 Nf4 47. f3+
Ke5 48. Kg5 Nxd5 49. Kh6 Ke6 50. Kxh7 Nf6+ 51. Kh6 Rh8+ 52. Kg7 Rg8+ 53. Kh6
Kf7 0-1

[Event "Madrid-chT 1920"]
[Site "Madrid"]
[Date "2020.02.22"]
[Round "10.5"]
[White "Renteria Becerra, Jorge Elicer"]
[Black "Guerrero Vargas, Andres Jesus"]
[Result "0-1"]
[WhiteElo "2307"]
[BlackElo "2351"]
[PlyCount "130"]
[EventDate "2019.11.24"]
[EventType "team-tourn"]
[EventRounds "14"]
[EventCountry "ESP"]
[SourceVersionDate "2019.11.24"]
[WhiteTeam "Blanco y Negro"]
[BlackTeam "Villalba 64"]
[WhiteTeamCountry "ESP"]
[BlackTeamCountry "ESP"]

1. e4 e5 2. Nf3 Nc6 3. Bc4 Nf6 4. d3 Bc5 5. c3 d6 6. O-O a6 7. Bb3 h6 8. Nbd2
Ba7 9. Re1 g5 10. Nc4 g4 11. Nfd2 h5 12. Nf1 h4 13. Be3 h3 14. g3 d5 15. Na3 d4
16. Bg5 Rh5 17. Bh4 Qe7 18. c4 Bd7 19. Ba4 Bc5 20. Nc2 b5 21. cxb5 Na7 22. b6
Bxa4 23. bxa7 Bb4 24. Nd2 Rxa7 25. b3 Bxd2 26. Qxd2 Bd7 27. Nb4 Qd6 28. Rac1 a5
29. Nc2 Nh7 30. b4 a4 31. Na3 Nf8 32. Rc5 Ng6 33. Rec1 Rxh4 34. gxh4 Nxh4 35.
Qe2 Nf3+ 36. Kh1 Qh6 37. Rg1 Nxg1 38. Kxg1 Qf4 39. Nc2 Qg5 40. Ne1 Rb7 41. a3
Be6 42. Qc2 Bb3 43. Qc1 Qxc1 44. Rxc1 Kd7 45. f3 Rb8 46. Kf2 Rg8 47. fxg4 Rxg4
48. Rc5 Rf4+ 49. Kg3 Rf1 50. Rc1 Be6 51. Ra1 Kd6 52. Rc1 Kd7 53. Ra1 f5 54.
Kxh3 Rg1 55. Kh4 f4 56. Nc2 Rg2 57. Rc1 Rxh2+ 58. Kg5 Ke7 59. Ne1 Rh1 60. Rxc7+
Kd6 61. Ra7 Rxe1 62. Kf6 Bc8 63. Rxa4 f3 64. Ra5 Kc7 65. Rc5+ Kb8 0-1

[Event "Madrid-chT 1920"]
[Site "Madrid"]
[Date "2020.02.22"]
[Round "10.6"]
[White "Aymerich Verdaguer, Eduard"]
[Black "Alarcia Astiz, Carlos"]
[Result "1/2-1/2"]
[WhiteElo "2216"]
[BlackElo "2302"]
[PlyCount "113"]
[EventDate "2019.11.24"]
[EventType "team-tourn"]
[EventRounds "14"]
[EventCountry "ESP"]
[SourceVersionDate "2019.11.24"]
[WhiteTeam "Villalba 64"]
[BlackTeam "Blanco y Negro"]
[WhiteTeamCountry "ESP"]
[BlackTeamCountry "ESP"]

1. d4 Nf6 2. c4 e6 3. Nf3 Bb4+ 4. Bd2 Qe7 5. e3 Bxd2+ 6. Nbxd2 d6 7. Be2 e5 8.
dxe5 dxe5 9. O-O O-O 10. Qc2 Nc6 11. Qc3 a5 12. a3 Bf5 13. c5 a4 14. Bb5 Nd5
15. Qc4 Be6 16. Qc2 Ra5 17. Bxc6 Rxc5 18. Qxa4 bxc6 19. Ne4 Rb5 20. Nxe5 Rxb2
21. Nxc6 Qh4 22. Qd4 Rc2 23. Rfc1 Rxc1+ 24. Rxc1 h6 25. Rc5 Re8 26. Nc3 Qxd4
27. Nxd4 Rb8 28. Kf1 Nxc3 29. Rxc3 Bd5 30. f3 Rb7 31. e4 Ba2 32. Kf2 Kf8 33.
Ke3 g6 34. h4 h5 35. g4 hxg4 36. fxg4 Kg7 37. e5 Bd5 38. Kf4 Ra7 39. Rc5 c6 40.
Nxc6 Bxc6 41. Rxc6 Rxa3 42. Rc7 Ra4+ 43. Kf3 Ra3+ 44. Ke4 Kf8 45. Kf4 Ra4+ 46.
Kg5 Re4 47. Rc8+ Kg7 48. Re8 Re2 49. Kf4 Re1 50. h5 gxh5 51. gxh5 Rf1+ 52. Kg3
Rg1+ 53. Kf4 Rf1+ 54. Ke4 Rh1 55. Re7 Kf8 56. Ra7 Rxh5 57. Kf4 1/2-1/2

[Event "Madrid-chT 1920"]
[Site "Madrid"]
[Date "2020.02.23"]
[Round "10.1"]
[White "Sanchez Gonzalez, Sergio"]
[Black "Vazquez Igarza, Renier"]
[Result "0-1"]
[WhiteElo "2286"]
[BlackElo "2550"]
[PlyCount "80"]
[EventDate "2019.11.24"]
[EventType "team-tourn"]
[EventRounds "14"]
[EventCountry "ESP"]
[SourceVersionDate "2019.11.24"]
[WhiteTeam "Liberty Chess"]
[BlackTeam "Collado Villalba"]
[WhiteTeamCountry "ESP"]
[BlackTeamCountry "ESP"]

1. Nf3 d5 2. g3 Bg4 3. Bg2 c6 4. O-O Nd7 5. d4 Ngf6 6. Nbd2 e6 7. Ne5 Bf5 8. h3
Bd6 9. Ndf3 Qc7 10. Bf4 Be4 11. e3 O-O 12. Rc1 Bxf3 13. Nxf3 Bxf4 14. exf4 Qb6
15. b3 a5 16. c4 a4 17. Ne5 axb3 18. axb3 Rfd8 19. cxd5 Nxe5 20. dxe5 Nxd5 21.
Bxd5 Rxd5 22. Qf3 h6 23. Rfd1 Rad8 24. Rxd5 Rxd5 25. Rd1 Qd8 26. Rxd5 Qxd5 27.
Qc3 c5 28. Qa5 Qxb3 29. Qxc5 b5 30. Qc8+ Kh7 31. Qe8 Qd1+ 32. Kh2 Qf1 33. Qxf7
Qxf2+ 34. Kh1 Qxg3 35. Qxe6 b4 36. Qd5 Qxh3+ 37. Kg1 Qg3+ 38. Kh1 Qh3+ 39. Kg1
Qg4+ 40. Kh1 Qf5 0-1

[Event "Madrid-chT 1920"]
[Site "Madrid"]
[Date "2020.02.23"]
[Round "10.2"]
[White "Pulvett Marin, Daniel Eduardo"]
[Black "Perez Gonzalez, Jose Manuel"]
[Result "1-0"]
[WhiteElo "2489"]
[BlackElo "2205"]
[PlyCount "97"]
[EventDate "2019.11.24"]
[EventType "team-tourn"]
[EventRounds "14"]
[EventCountry "ESP"]
[SourceVersionDate "2019.11.24"]
[WhiteTeam "Collado Villalba"]
[BlackTeam "Liberty Chess"]
[WhiteTeamCountry "ESP"]
[BlackTeamCountry "ESP"]

1. d4 Nf6 2. c4 c5 3. d5 b5 4. cxb5 a6 5. bxa6 g6 6. Nc3 Bg7 7. e4 O-O 8. Nf3
Qa5 9. Bd2 Bxa6 10. a4 Bxf1 11. Kxf1 e6 12. Qe2 exd5 13. Nxd5 Qa6 14. Nc7 Qxe2+
15. Kxe2 Ra7 16. Nb5 Rb7 17. Kd3 Ng4 18. Rhf1 Bxb2 19. Rab1 Bg7 20. h3 Nf6 21.
Rfe1 Na6 22. Nd6 Rxb1 23. Rxb1 Ra8 24. Ne5 c4+ 25. Kxc4 Nxe4 26. Nxe4 Bxe5 27.
f4 Bg7 28. a5 Rc8+ 29. Kd3 d5 30. Nd6 Nc5+ 31. Kc2 Rd8 32. Nb7 Nxb7 33. Rxb7
Bd4 34. Kd3 Bf2 35. g4 h6 36. Bc3 d4 37. Bb4 Ra8 38. Rb6 Be3 39. f5 gxf5 40.
gxf5 Bg5 41. a6 Kg7 42. Bc5 Bf4 43. Rc6 Be5 44. a7 f6 45. Bxd4 Rd8 46. Rc4 h5
47. Ra4 Ra8 48. Bxe5 fxe5 49. Ra6 1-0